[Event "Ruhrgebiet Verbandsliga Gruppe 2 1819"]
[Site "Nordrheinwestfalen"]
[Date "2019.05.05"]
[Round "9.3"]
[White "Niekrens, Stefan"]
[Black "Wilbert, Siegfried"]
[Result "0-1"]
[WhiteElo "2010"]
[BlackElo "1977"]
[PlyCount "90"]
[EventDate "2018.09.23"]
[EventType "team-tourn"]
[EventRounds "9"]
[EventCountry "GER"]
[SourceTitle "EXT 2022"]
[Source "ChessBase"]
[SourceDate "2021.10.06"]
[SourceVersion "1"]
[SourceVersionDate "2021.10.06"]
[SourceQuality "1"]
[WhiteTeam "Bochum SV II"]
[BlackTeam "Buer SF"]
[WhiteTeamCountry "GER"]
[BlackTeamCountry "GER"]

1. e4 c5 2. Nf3 a6 3. a4 Nc6 4. g3 g6 5. Bg2 Bg7 6. c3 d5 7. exd5 Qxd5 8. 0-0 Bg4 9. h3 Bd7 10. d4 cxd4 11. Nxd4 Qa5 12. Nb3 Qc7 13. Nc5 Rd8 14. Nxd7 Rxd7 15. Qe2 e5 16. Na3 Nge7 17. Nc4 0-0 18. Be3 Nd5 19. Bc5 Re8 20. Rfd1 e4 21. Bd6 Rxd6 22. Nxd6 Qxd6 23. c4 Nd4 24. Rxd4 Bxd4 25. Rd1 Nb4 26. Bxe4 Qc5 27. Qf3 Nc6 28. Kg2 f5 29. Bd5+ Kg7 30. Qd3 Bxb2 31. Rb1 Bf6 32. Rxb7+ Re7 33. Qb1 Rxb7 34. Qxb7+ Ne7 35. Qd7 h5 36. Qe6 Nxd5 37. cxd5 a5 38. Qd7+ Be7 39. Kf3 Qa3+ 40. Ke2 Qb2+ 41. Kd3 Qe5 42. Kc4 Qe2+ 43. Kc3 Kh6 44. Kd4 Qxf2+ 45. Ke5 Qe3# 0-1

[Event "Ruhrgebiet Verbandsliga Gruppe 2 1819"]
[Site "Nordrheinwestfalen"]
[Date "2018.09.23"]
[Round "1.5"]
[White "Huettemann, Karl Heinz"]
[Black "Niekrens, Stefan"]
[Result "0-1"]
[WhiteElo "2008"]
[BlackElo "2027"]
[PlyCount "98"]
[EventDate "2018.09.23"]
[EventType "team-tourn"]
[EventRounds "9"]
[EventCountry "GER"]
[SourceTitle "EXT 2022"]
[Source "ChessBase"]
[SourceDate "2021.10.06"]
[SourceVersion "1"]
[SourceVersionDate "2021.10.06"]
[SourceQuality "1"]
[WhiteTeam "Dortmund SV"]
[BlackTeam "Bochum SV II"]
[WhiteTeamCountry "GER"]
[BlackTeamCountry "GER"]

1. c4 Nf6 2. Nc3 g6 3. g3 Bg7 4. Bg2 0-0 5. e4 d6 6. Nge2 c6 7. d3 Bd7 8. 0-0 Na6 9. Rb1 Nc7 10. b4 e5 11. a4 Ne6 12. h3 Nd4 13. Nxd4 exd4 14. Ne2 Qc8 15. Kh2 Ne8 16. Bb2 c5 17. bxc5 dxc5 18. f4 Bc6 19. Ba3 b6 20. a5 Qa6 21. Qd2 Nd6 22. Ra1 Qb7 23. g4 f5 24. gxf5 gxf5 25. a6 Qd7 26. e5 Bxg2 27. Kxg2 Ne8 28. Kh2 Nc7 29. Bc1 Rae8 30. Qa2 Kh8 31. Qa4 Qe6 32. Ra2 Rg8 33. Ng3 Bf8 34. Qd1 Be7 35. Qh5 Ref8 36. Qf3 b5 37. Qb7 Bh4 38. Ne2 bxc4 39. dxc4 Qxc4 40. Rd2 d3 41. Ng1 Bg3+ 42. Kh1 Ne6 43. Qf3 Nd4 44. Qxd3 Qd5+ 45. Nf3 Bxf4 46. Rdf2 Bxc1 47. Rxc1 Rg3 48. Rcf1 Rfg8 49. Kh2 Nxf3+ 0-1

[Event "Ruhrgebiet Verbandsklasse Gruppe 2 1617"]
[Site "Germany"]
[Date "2017.04.30"]
[Round "9.3"]
[White "Fuest, Torsten"]
[Black "Niekrens, Stefan"]
[Result "1-0"]
[WhiteElo "1869"]
[BlackElo "2020"]
[PlyCount "51"]
[EventDate "2016.09.04"]
[EventType "team-tourn"]
[EventRounds "9"]
[EventCountry "GER"]
[SourceTitle "EXT 2022"]
[Source "ChessBase"]
[SourceDate "2021.10.06"]
[SourceVersion "1"]
[SourceVersionDate "2021.10.06"]
[SourceQuality "1"]
[WhiteTeam "Boenen SV"]
[BlackTeam "Bochum SV II"]
[WhiteTeamCountry "GER"]
[BlackTeamCountry "GER"]

1. d4 Nf6 2. Bf4 g6 3. e3 Bg7 4. Be2 d6 5. Nf3 Nh5 6. Bg5 h6 7. Bh4 c5 8. c3 Qb6 9. Na3 g5 10. Bg3 Nxg3 11. hxg3 Qxb2 12. Nb5 Kd8 13. Rb1 Qxa2 14. dxc5 Bf5 15. Rc1 a6 16. Nbd4 Bd7 17. cxd6 exd6 18. 0-0 Qd5 19. Nd2 Bxd4 20. Bf3 Qb5 21. Rb1 Qd3 22. Bxb7 Bxc3 23. Bxa8 Bb5 24. Ne4 Qxf1+ 25. Qxf1 Bxf1 26. Rxb8+ 1-0

[Event "Ruhrgebiet Verbandsklasse Gruppe 2 1617"]
[Site "Germany"]
[Date "2016.09.25"]
[Round "2.3"]
[White "Dorgarten, Armin"]
[Black "Niekrens, Stefan"]
[Result "1/2-1/2"]
[WhiteElo "1916"]
[BlackElo "2023"]
[PlyCount "115"]
[EventDate "2016.09.04"]
[EventType "team-tourn"]
[EventRounds "9"]
[EventCountry "GER"]
[SourceTitle "EXT 2022"]
[Source "ChessBase"]
[SourceDate "2021.10.06"]
[SourceVersion "1"]
[SourceVersionDate "2021.10.06"]
[SourceQuality "1"]
[WhiteTeam "Ruettenscheid Rochade"]
[BlackTeam "Bochum SV II"]
[WhiteTeamCountry "GER"]
[BlackTeamCountry "GER"]

1. e4 d5 2. exd5 Nf6 3. Be2 Nxd5 4. d4 g6 5. c4 Nb6 6. Nc3 Bg7 7. c5 Nd5 8. Bc4 c6 9. Nf3 Be6 10. Qb3 b6 11. cxb6 axb6 12. 0-0 Nc7 13. Bf4 Bxc4 14. Qxc4 Ne6 15. Bxb8 Rxb8 16. Qxc6+ Kf8 17. Rfd1 Nxd4 18. Rxd4 Bxd4 19. Rd1 e5 20. Nxe5 Bxc3 21. Nd7+ Kg7 22. Qxc3+ f6 23. Qf3 Rc8 24. h3 Qe7 25. Nxf6 Rcf8 26. Rd7 Qxd7 27. Nxd7 Rxf3 28. gxf3 b5 29. Nc5 Rc8 30. b4 Ra8 31. Ne6+ Kf6 32. Nd4 Rxa2 33. Nxb5 Rb2 34. Nc3 Rb3 35. Nd5+ Ke5 36. Ne3 Rxb4 37. Kg2 h5 38. Kg3 h4+ 39. Kg2 Rd4 40. Ng4+ Kf4 41. Nh2 Rd3 42. Kg1 Ra3 43. Kg2 Ra5 44. Kg1 Rg5+ 45. Kf1 Ke5 46. Ng4+ Kf5 47. Kg1 Kf4 48. Kg2 Ra5 49. Nh2 Re5 50. Kg1 Re1+ 51. Kg2 Ke5 52. Ng4+ Kd4 53. Nh2 Kd3 54. f4 Ke2 55. Nf3 Rf1 56. Nd4+ Ke1 57. Nf3+ Ke2 58. Nd4+ 1/2-1/2

[Event "Paderborn op 11th"]
[Site "Paderborn"]
[Date "2014.12.27"]
[Round "1"]
[White "Niekrens, Stefan"]
[Black "Roeder, Mathias"]
[Result "0-1"]
[WhiteElo "2051"]
[BlackElo "2407"]
[PlyCount "132"]
[EventDate "2014.12.27"]
[EventType "swiss"]
[EventRounds "7"]
[EventCountry "GER"]
[SourceTitle "CBM 164 Extra"]
[Source "ChessBase"]
[SourceDate "2015.03.02"]
[SourceVersion "1"]
[SourceVersionDate "2015.03.02"]
[SourceQuality "1"]

1. e4 c5 2. Nf3 d6 3. d4 cxd4 4. Nxd4 Nf6 5. Nc3 a6 6. Bg5 e6 7. f4 h6 8. Bh4 Qb6 9. Qd2 Qxb2 10. Rb1 Qa3 11. Bc4 Be7 12. Bf2 d5 13. exd5 Bb4 14. Rb3 Ne4 15. Rxa3 Nxd2 16. Kxd2 Bxa3 17. dxe6 fxe6 18. Bxe6 Nc6 19. Re1 Bxe6 20. Nxe6 Kf7 21. Nd5 Rhd8 22. Nxd8+ Rxd8 23. c4 Bb4+ 24. Ke2 Re8+ 25. Be3 Bxe1 26. Kxe1 Re4 27. Kd2 Rxc4 28. Kd3 b5 29. a3 Ra4 30. Bc5 g5 31. g3 gxf4 32. Nxf4 Ne5+ 33. Ke2 Rc4 34. Bd6 Re4+ 35. Kf2 Nc4 36. Bc5 Re5 37. Nd3 Rd5 38. Ke2 Ne5 39. Nxe5+ Rxe5+ 40. Be3 Rh5 41. h4 Kg6 42. Kd3 Kf5 43. Kc3 Kg4 44. Bf4 Rc5+ 45. Kb3 h5 46. Bb8 Rc4 47. Bd6 Re4 48. Bc7 Re3+ 49. Kb4 Rxg3 50. Bxg3 Kxg3 51. Ka5 Kxh4 52. Kxa6 Kg4 53. Kxb5 h4 54. a4 h3 55. a5 h2 56. Kb6 h1Q 57. Ka7 Qb1 58. a6 Qb5 59. Ka8 Qxa6+ 60. Kb8 Qc6 61. Ka7 Qb5 62. Ka8 Kf5 63. Ka7 Ke6 64. Ka8 Kd7 65. Ka7 Kc7 66. Ka8 Qc6+ 0-1

[Event "Ruhrgebiet Regionalliga 1415"]
[Site "Germany"]
[Date "2014.11.23"]
[Round "3.8"]
[White "Reisberg, Andre"]
[Black "Niekrens, Stefan"]
[Result "1/2-1/2"]
[WhiteElo "1969"]
[BlackElo "1962"]
[PlyCount "102"]
[EventDate "2014.09.28"]
[EventType "team-tourn"]
[EventRounds "9"]
[EventCountry "GER"]
[SourceTitle "EXT 2022"]
[Source "ChessBase"]
[SourceDate "2021.10.06"]
[SourceVersion "1"]
[SourceVersionDate "2021.10.06"]
[SourceQuality "1"]
[WhiteTeam "Brackel SF"]
[BlackTeam "Bochum SV II"]
[WhiteTeamCountry "GER"]
[BlackTeamCountry "GER"]

1. d4 Nf6 2. c4 g6 3. Nc3 d5 4. cxd5 Nxd5 5. Bd2 Bg7 6. e4 Nxc3 7. Bxc3 0-0 8. Nf3 c5 9. d5 Bxc3+ 10. bxc3 e6 11. Bc4 b5 12. Bb3 c4 13. Bc2 exd5 14. Qxd5 Qxd5 15. exd5 Re8+ 16. Kf1 Bb7 17. Nd4 a6 18. a4 bxa4 19. Bxa4 Rd8 20. Bc6 Bxc6 21. dxc6 Rc8 22. Ke2 Nxc6 23. Nxc6 Rxc6 24. Rhd1 Rb8 25. Rab1 Re6+ 26. Kf3 Rb3 27. Rxb3 cxb3 28. Rd8+ Kg7 29. Rb8 Kf6 30. Rxb3 Ke7 31. Rb7+ Kd6 32. Rxf7 h5 33. g4 hxg4+ 34. Kxg4 Kc5 35. h4 a5 36. Ra7 Kb5 37. Kg5 a4 38. f4 Ra6 39. Rxa6 Kxa6 40. f5 gxf5 41. h5 a3 42. h6 a2 43. h7 a1Q 44. h8Q Qc1+ 45. Kxf5 Qc2+ 46. Ke6 Qb3+ 47. Kd6 Qb6+ 48. Kd5 Qb5+ 49. Kd4 Qd7+ 50. Ke3 Qe6+ 51. Kd2 Qa2+ 1/2-1/2

[Event "Dortmund Sparkassen op-A"]
[Site "Dortmund"]
[Date "2014.07.14"]
[Round "3"]
[White "Niekrens, Stefan"]
[Black "Oberste, Norbert"]
[Result "1-0"]
[WhiteElo "2005"]
[BlackElo "1758"]
[PlyCount "109"]
[EventDate "2014.07.12"]
[EventType "swiss"]
[EventRounds "9"]
[EventCountry "GER"]
[SourceTitle "CBM 161 Extra"]
[Source "ChessBase"]
[SourceDate "2014.08.29"]
[SourceVersion "1"]
[SourceVersionDate "2014.08.29"]
[SourceQuality "1"]

1. e4 e6 2. Nf3 c5 3. b3 Nc6 4. Bb2 Nf6 5. e5 Nd5 6. c4 Nc7 7. Nc3 d5 8. exd6 Bxd6 9. Ne4 f6 10. Bd3 Be7 11. Bb1 e5 12. 0-0 Bg4 13. h3 Bh5 14. g4 Bf7 15. Ng3 g6 16. Be4 Qd7 17. g5 Qxh3 18. gxf6 Bxf6 19. Bxc6+ bxc6 20. Bxe5 Bxe5 21. Nxe5 0-0 22. Qg4 Qxg4 23. Nxg4 Be6 24. Ne5 Bh3 25. Rfd1 Rf6 26. Ne4 Rf4 27. Nxc5 Re8 28. d4 Ne6 29. Nxc6 Nxc5 30. dxc5 Re2 31. Rd3 Bf5 32. Re3 Rd2 33. Ne7+ Kf7 34. Nxf5 Rxf5 35. Ree1 Rxc5 36. Red1 Re2 37. Rd7+ Re7 38. Rad1 Rc7 39. Rxc7 Rxc7 40. Rd6 Kg7 41. Ra6 Kh6 42. Ra5 g5 43. Kg2 Kh5 44. f4 h6 45. Kg3 Rd7 46. fxg5 hxg5 47. c5 Rd3+ 48. Kf2 Rd2+ 49. Ke3 Rd7 50. c6 Rc7 51. Rc5 Kh4 52. Kf3 Rf7+ 53. Kg2 Rc7 54. b4 Kg4 55. b5 1-0

[Event "Dortmund Sparkassen op-A"]
[Site "Dortmund"]
[Date "2013.07.30"]
[Round "4"]
[White "Hecht, Carsten"]
[Black "Niekrens, Stefan"]
[Result "0-1"]
[WhiteElo "2087"]
[BlackElo "1952"]
[PlyCount "102"]
[EventDate "2013.07.27"]
[EventType "swiss"]
[EventRounds "9"]
[EventCountry "GER"]
[SourceTitle "CBM 155 Extra"]
[Source "ChessBase"]
[SourceDate "2013.08.26"]
[SourceVersion "1"]
[SourceVersionDate "2013.08.26"]
[SourceQuality "1"]

1. e4 d5 2. exd5 Nf6 3. d4 Nxd5 4. Nf3 g6 5. Be2 Bg7 6. 0-0 0-0 7. c4 Nb6 8. Nc3 Nc6 9. Be3 Bg4 10. d5 Bxf3 11. Bxf3 Ne5 12. c5 Nbc4 13. Be2 Nxe3 14. fxe3 c6 15. dxc6 bxc6 16. Qc2 Qa5 17. Ne4 Bh6 18. Rf4 Bxf4 19. exf4 Nd7 20. a3 Nf6 21. Nxf6+ exf6 22. b4 Qc7 23. g3 Qe7 24. Bf3 Qe3+ 25. Qf2 Qxf2+ 26. Kxf2 Rac8 27. Rd1 Rc7 28. Rd6 Rfc8 29. Ke3 f5 30. Kd4 Kf8 31. Kc3 Ke7 32. Bg2 f6 33. Bh1 g5 34. Bf3 gxf4 35. gxf4 h6 36. Kc2 h5 37. Kc3 h4 38. Rd1 Rg8 39. Re1+ Kf7 40. Kc4 Rd8 41. Kc3 Rcd7 42. Be2 Re7 43. Bc4+ Kf8 44. Rxe7 Kxe7 45. Bb3 Kd7 46. Bc2 Kc7 47. a4 Re8 48. Bxf5 Re2 49. h3 Rf2 50. Bg4 Rxf4 51. Be2 a5 0-1

[Event "Karl Mala Memorial op-A 16th"]
[Site "Frankfurt"]
[Date "2013.07.14"]
[Round "7"]
[White "Niekrens, Stefan"]
[Black "Benninger, Rudolf"]
[Result "1/2-1/2"]
[WhiteElo "1952"]
[BlackElo "2108"]
[PlyCount "39"]
[EventDate "2013.07.11"]
[EventType "swiss"]
[EventRounds "7"]
[EventCountry "GER"]
[SourceTitle "EXT 2014"]
[Source "ChessBase"]
[SourceDate "2013.11.20"]
[SourceVersion "1"]
[SourceVersionDate "2013.11.20"]
[SourceQuality "1"]

1. e4 g6 2. d4 Bg7 3. Nf3 c5 4. dxc5 Qa5+ 5. Bd2 Qxc5 6. Bc3 Nf6 7. Bd3 0-0 8. 0-0 d6 9. Nbd2 Nbd7 10. Nb3 Qc7 11. a4 Nc5 12. Nxc5 Qxc5 13. h3 Bd7 14. Bd4 Qc7 15. e5 Nh5 16. exd6 Qxd6 17. Bxg7 Kxg7 18. Bb5 Rfd8 19. Qxd6 exd6 20. Rfd1 1/2-1/2

[Event "Karl Mala Memorial op-A 16th"]
[Site "Frankfurt"]
[Date "2013.07.12"]
[Round "2"]
[White "Niekrens, Stefan"]
[Black "Roehlich, Philipp"]
[Result "1-0"]
[WhiteElo "1952"]
[BlackElo "1794"]
[PlyCount "45"]
[EventDate "2013.07.11"]
[EventType "swiss"]
[EventRounds "7"]
[EventCountry "GER"]
[SourceTitle "EXT 2014"]
[Source "ChessBase"]
[SourceDate "2013.11.20"]
[SourceVersion "1"]
[SourceVersionDate "2013.11.20"]
[SourceQuality "1"]

1. e4 c5 2. Nf3 Nc6 3. Bb5 g6 4. 0-0 Bg7 5. c3 Nf6 6. Re1 0-0 7. d4 cxd4 8. cxd4 d5 9. e5 Ne8 10. Nc3 Nb8 11. Bxe8 Rxe8 12. Qb3 e6 13. Nb5 Nc6 14. Nd6 Re7 15. Bg5 Qa5 16. Bxe7 Nxe7 17. Nxc8 Rxc8 18. Qxb7 Rc7 19. Qb8+ Rc8 20. Qd6 Nf5 21. Qd7 Rd8 22. Qb7 Bh6 23. g4 1-0

[Event "Kaiserbrunnen Winter op"]
[Site "Brakel"]
[Date "2013.01.21"]
[Round "5"]
[White "Bickmann, Uwe"]
[Black "Niekrens, Stefan"]
[Result "1/2-1/2"]
[WhiteElo "1782"]
[BlackElo "2002"]
[PlyCount "113"]
[EventDate "2013.01.21"]
[EventType "swiss"]
[EventRounds "5"]
[EventCountry "GER"]
[SourceTitle "EXT 2023"]
[Source "ChessBase"]
[SourceDate "2022.10.05"]
[SourceVersion "1"]
[SourceVersionDate "2022.10.05"]
[SourceQuality "1"]

1. c4 Nf6 2. Nf3 g6 3. g3 Bg7 4. Bg2 c6 5. 0-0 0-0 6. d4 d5 7. cxd5 cxd5 8. Nc3 Nc6 9. Bd2 Ne4 10. e3 Bg4 11. h3 Bxf3 12. Bxf3 Nxd2 13. Qxd2 e6 14. Ne2 Na5 15. b3 b6 16. Rac1 Qf6 17. Bg2 Rfc8 18. Qd3 Qd8 19. Qd2 Bf8 20. Qb2 Bd6 21. Nc3 Bb4 22. Nb1 Qe7 23. Rxc8+ Rxc8 24. Rc1 Qd7 25. Bf1 Rc6 26. Bd3 Nb7 27. a3 Rxc1+ 28. Qxc1 Be7 29. Nc3 Qc7 30. b4 a5 31. Qb2 axb4 32. axb4 Nd6 33. Qa1 Kg7 34. e4 dxe4 35. Nxe4 Nxe4 36. Bxe4 Bxb4 37. d5+ Qc3 38. Qxc3+ Bxc3 39. dxe6 fxe6 40. Kf1 Kf6 41. Ke2 Ke5 42. f3 Kd4 43. h4 Ke5 44. h5 Kf6 45. hxg6 hxg6 46. Bd3 g5 47. Ke3 Be1 48. g4 Ke5 49. Bc4 Bb4 50. Ke2 Bc5 51. Ba6 Kd4 52. Kd2 Bb4+ 53. Kc2 Ke3 54. Bb7 b5 55. Kb3 Be1 56. Be4 b4 57. Bb7 1/2-1/2

[Event "Kaiserbrunnen Winter op"]
[Site "Brakel"]
[Date "2013.01.21"]
[Round "3"]
[White "Tschoepe, Nino"]
[Black "Niekrens, Stefan"]
[Result "1/2-1/2"]
[WhiteElo "1676"]
[BlackElo "2002"]
[PlyCount "136"]
[EventDate "2013.01.21"]
[EventType "swiss"]
[EventRounds "5"]
[EventCountry "GER"]
[SourceTitle "EXT 2023"]
[Source "ChessBase"]
[SourceDate "2022.10.05"]
[SourceVersion "1"]
[SourceVersionDate "2022.10.05"]
[SourceQuality "1"]

1. c4 Nf6 2. g3 g6 3. Bg2 Bg7 4. Nf3 c6 5. Nc3 0-0 6. 0-0 d5 7. e3 Nbd7 8. cxd5 cxd5 9. d3 b6 10. e4 dxe4 11. dxe4 Bb7 12. Re1 Nc5 13. Nd2 e5 14. Qc2 Qd3 15. Qxd3 Nxd3 16. Re3 Rfd8 17. Nd5 Nxc1 18. Rxc1 Nxd5 19. exd5 Bxd5 20. Bxd5 Rxd5 21. Ne4 f5 22. Ng5 Bh6 23. h4 f4 24. gxf4 exf4 25. Re7 Bxg5 26. hxg5 Rxg5+ 27. Kf1 f3 28. Rcc7 Rh5 29. Kg1 Rd8 30. Rg7+ Kh8 31. Rgd7 Rxd7 32. Rxd7 Ra5 33. a3 Rb5 34. Rxa7 Rxb2 35. Rb7 Ra2 36. Rxb6 Rxa3 37. Kh2 Kg7 38. Kg3 h5 39. Rc6 Kh6 40. Rb6 Rd3 41. Ra6 Rd1 42. Kxf3 Rg1 43. Rb6 h4 44. Rb4 g5 45. Rg4 Ra1 46. Kg2 Kh5 47. Rb4 Ra5 48. Rb8 Ra3 49. Rb4 h3+ 50. Kh2 Rf3 51. Ra4 Rxf2+ 52. Kxh3 Rf3+ 53. Kg2 Rb3 54. Rc4 Rb2+ 55. Kg3 Rb3+ 56. Kg2 g4 57. Rc8 Rb6 58. Rh8+ Rh6 59. Rxh6+ Kxh6 60. Kg3 Kg5 61. Kg2 Kf4 62. Kf2 g3+ 63. Kg2 Kg4 64. Kg1 Kf5 65. Kg2 Kf4 66. Kg1 Kf3 67. Kf1 g2+ 68. Kg1 Kg3 1/2-1/2

[Event "Ruhrgebiet Verbandsliga1 1213"]
[Site "Nordrheinwestfalen"]
[Date "2013.01.13"]
[Round "5.6"]
[White "Walker, Adam"]
[Black "Niekrens, Stefan"]
[Result "0-1"]
[WhiteElo "1742"]
[BlackElo "1888"]
[PlyCount "90"]
[EventDate "2012.09.02"]
[EventType "team-tourn"]
[EventRounds "9"]
[EventCountry "GER"]
[SourceTitle "EXT 2020"]
[Source "ChessBase"]
[SourceDate "2019.10.17"]
[SourceVersion "1"]
[SourceVersionDate "2019.10.17"]
[SourceQuality "1"]
[WhiteTeam "Oberhausen SV III"]
[BlackTeam "Bochum SV II"]
[WhiteTeamCountry "GER"]
[BlackTeamCountry "GER"]

1. Nf3 Nf6 2. g3 g6 3. b3 Bg7 4. Bb2 0-0 5. Bg2 d6 6. d4 Nbd7 7. 0-0 Re8 8. c4 Ne4 9. Nbd2 Nxd2 10. Qxd2 e5 11. dxe5 dxe5 12. e4 Qe7 13. Qc2 Nb8 14. Rad1 Bg4 15. Rd2 Nc6 16. Ne1 Rad8 17. h3 Rxd2 18. Qxd2 Rd8 19. Qc1 Be2 20. Nf3 Bxf1 21. Bxf1 h6 22. Qa1 Qd6 23. Be2 Nd4 24. Nxd4 exd4 25. Bd3 Qe6 26. Kg2 c5 27. Qd1 Qa6 28. a3 Qb6 29. Bc1 Qa5 30. Bb2 a6 31. a4 Qb4 32. Qc2 Qe1 33. Ba3 b6 34. Bc1 Qc3 35. Bd2 Qxc2 36. Bxc2 d3 37. Bd1 b5 38. axb5 axb5 39. Be3 bxc4 40. bxc4 Rb8 41. Kf1 Bc3 42. Kg2 Rb1 43. Bf3 d2 44. Bxc5 d1Q 45. Bxd1 Rxd1 0-1

[Event "Ruhrgebiet Verbandsliga1 1213"]
[Site "Nordrheinwestfalen"]
[Date "2012.12.02"]
[Round "4.6"]
[White "Niekrens, Stefan"]
[Black "Baar, Michael"]
[Result "1/2-1/2"]
[WhiteElo "1888"]
[BlackElo "1836"]
[PlyCount "36"]
[EventDate "2012.09.02"]
[EventType "team-tourn"]
[EventRounds "9"]
[EventCountry "GER"]
[SourceTitle "EXT 2020"]
[Source "ChessBase"]
[SourceDate "2019.10.17"]
[SourceVersion "1"]
[SourceVersionDate "2019.10.17"]
[SourceQuality "1"]
[WhiteTeam "Bochum SV II"]
[BlackTeam "Buer SF"]
[WhiteTeamCountry "GER"]
[BlackTeamCountry "GER"]

1. e4 g6 2. d4 Bg7 3. Nf3 d6 4. Be3 c5 5. Nc3 cxd4 6. Bxd4 Nf6 7. e5 dxe5 8. Nxe5 0-0 9. Be2 Nbd7 10. Nxd7 Bxd7 11. Bf3 Qc7 12. 0-0 Rfd8 13. Bxf6 Bc6 14. Nd5 Bxd5 15. Bxg7 Bxf3 16. Qxf3 Kxg7 17. Qb3 Rd6 18. c4 Rad8 1/2-1/2

[Event "Ruhrgebiet Verbandsliga1 1213"]
[Site "Nordrheinwestfalen"]
[Date "2012.09.02"]
[Round "1"]
[White "Niekrens, Stefan"]
[Black "Bachmann, Rolf"]
[Result "1-0"]
[WhiteElo "1888"]
[BlackElo "1881"]
[PlyCount "111"]
[EventDate "2012.09.02"]
[EventType "team-tourn"]
[EventRounds "9"]
[EventCountry "GER"]
[SourceTitle "EXT 2020"]
[Source "ChessBase"]
[SourceDate "2019.10.17"]
[SourceVersion "1"]
[SourceVersionDate "2019.10.17"]
[SourceQuality "1"]
[WhiteTeam "Bochum SV II"]
[BlackTeam "Hamm SVg"]
[WhiteTeamCountry "GER"]
[BlackTeamCountry "GER"]

1. e4 Nf6 2. e5 Nd5 3. d4 d6 4. Nf3 Bg4 5. Be2 e6 6. 0-0 Be7 7. c4 Nb6 8. b3 0-0 9. Nbd2 dxe5 10. dxe5 Nc6 11. Bb2 a5 12. Qc2 a4 13. Rfd1 axb3 14. Nxb3 Qe8 15. Nbd4 Na4 16. Nxc6 bxc6 17. Bd4 c5 18. Be3 Qc6 19. Ng5 Bf5 20. Bd3 f6 21. Bxf5 exf5 22. Nf3 fxe5 23. Nxe5 Qe6 24. f4 Bf6 25. Re1 Bxe5 26. Bf2 Nb6 27. Rxe5 Qxc4 28. Qxc4+ Nxc4 29. Rxc5 Nd2 30. Rxc7 Rf7 31. Rxf7 Kxf7 32. a4 Ne4 33. g3 Ra6 34. a5 Nd6 35. Ra4 Ke6 36. Bb6 Kd5 37. Kf2 Nc4 38. Rb4 Nxa5 39. Rb5+ Kc6 40. Rxa5 Rxb6 41. Rxf5 Rb7 42. Kf3 Kd6 43. Re5 g6 44. Kg4 h6 45. Re8 Rb2 46. h3 Rb6 47. h4 h5+ 48. Kg5 Rb3 49. Kxg6 Rxg3+ 50. Kxh5 Kd7 51. Re1 Rg2 52. f5 Rg8 53. f6 Re8 54. Rxe8 Kxe8 55. Kg6 Kf8 56. f7 1-0

[Event "Dortmund Sparkassen op-A"]
[Site "Dortmund"]
[Date "2012.07.19"]
[Round "6"]
[White "Niekrens, Stefan"]
[Black "Schneidereit, Manfred"]
[Result "1-0"]
[WhiteElo "1996"]
[BlackElo "1820"]
[PlyCount "75"]
[EventDate "2012.07.14"]
[EventType "swiss"]
[EventRounds "9"]
[EventCountry "GER"]
[SourceTitle "CBM 149 Extra"]
[Source "ChessBase"]
[SourceDate "2012.08.24"]
[SourceVersion "1"]
[SourceVersionDate "2012.08.24"]
[SourceQuality "1"]

1. e4 Nc6 2. Nf3 Nf6 3. e5 Ng4 4. d4 d6 5. h3 Nh6 6. Bb5 e6 7. 0-0 Bd7 8. Bg5 Be7 9. Bxh6 gxh6 10. exd6 cxd6 11. Nc3 d5 12. Qd2 Bg5 13. Nxg5 Qxg5 14. f4 Qg7 15. Bxc6 Bxc6 16. Rae1 0-0-0 17. f5 Rde8 18. fxe6 Rxe6 19. Rxe6 fxe6 20. Re1 Re8 21. Qf4 e5 22. Rxe5 Rxe5 23. dxe5 d4 24. Ne4 Qg6 25. Qf8+ Kc7 26. Qd6+ Qxd6 27. Nxd6 Kd7 28. Nf5 Ke6 29. Nxd4+ Kxe5 30. Nxc6+ bxc6 31. Kf2 Kf5 32. g3 Ke5 33. Ke2 h5 34. c3 h4 35. gxh4 Kf4 36. b4 a6 37. a4 Ke4 38. h5 1-0

[Event "Ruhrgebiet Verbandsliga2 1112"]
[Site "Nordrheinwestfalen"]
[Date "2012.04.22"]
[Round "9.5"]
[White "Niekrens, Stefan"]
[Black "Mallach, Heinz Joachim"]
[Result "1-0"]
[WhiteElo "1919"]
[BlackElo "1779"]
[PlyCount "65"]
[EventDate "2011.09.18"]
[EventType "team-tourn"]
[EventRounds "9"]
[EventCountry "GER"]
[SourceTitle "EXT 2020"]
[Source "ChessBase"]
[SourceDate "2019.10.17"]
[SourceVersion "1"]
[SourceVersionDate "2019.10.17"]
[SourceQuality "1"]
[WhiteTeam "Bochum SV II"]
[BlackTeam "Recklinghausen Altstadt"]
[WhiteTeamCountry "GER"]
[BlackTeamCountry "GER"]

1. e4 e6 2. Nf3 d5 3. Nc3 d4 4. Ne2 c5 5. c3 dxc3 6. bxc3 Nc6 7. Ng3 Nf6 8. Bb5 Bd7 9. 0-0 Be7 10. Rb1 a6 11. Bd3 Qc7 12. Re1 0-0 13. e5 Ng4 14. Be4 Rab8 15. d4 cxd4 16. cxd4 f5 17. exf6 Nxf6 18. d5 exd5 19. Bxd5+ Nxd5 20. Qxd5+ Kh8 21. Ng5 Bxg5 22. Qxg5 Qd8 23. Qd2 b5 24. Bb2 Rf7 25. Rbd1 Qf8 26. Ne4 Bf5 27. Nd6 Rd7 28. Qc3 Ne7 29. Qxg7+ Qxg7 30. Bxg7+ Kg8 31. Bf6 Bc2 32. Rc1 Rxd6 33. Be5 1-0

[Event "Ruhrgebiet Verbandsliga2 1112"]
[Site "Nordrheinwestfalen"]
[Date "2011.12.11"]
[Round "4.4"]
[White "Niekrens, Stefan"]
[Black "Dawid, Adalbert"]
[Result "1-0"]
[WhiteElo "1919"]
[BlackElo "1794"]
[PlyCount "87"]
[EventDate "2011.09.18"]
[EventType "team-tourn"]
[EventRounds "9"]
[EventCountry "GER"]
[SourceTitle "EXT 2020"]
[Source "ChessBase"]
[SourceDate "2019.10.17"]
[SourceVersion "1"]
[SourceVersionDate "2019.10.17"]
[SourceQuality "1"]
[WhiteTeam "Bochum SV II"]
[BlackTeam "Dortmund Hansa IV"]
[WhiteTeamCountry "GER"]
[BlackTeamCountry "GER"]

1. e4 e6 2. Nf3 d5 3. e5 c5 4. c3 Nc6 5. Bb5 Bd7 6. Bxc6 Bxc6 7. d4 Bb5 8. a4 Bd7 9. 0-0 cxd4 10. Nxd4 Ne7 11. Nd2 Qb6 12. a5 Qa6 13. N2b3 Nc6 14. Bf4 Qc4 15. Bg3 Be7 16. f4 Nxd4 17. Nxd4 Bc5 18. Bf2 Bb5 19. Nxb5 Qxb5 20. Qa4 Qxa4 21. Rxa4 Rc8 22. Rfa1 Kd7 23. Bxc5 Rxc5 24. Rb4 Kc6 25. Kf2 Rc8 26. Ke3 Rb5 27. Raa4 Rc7 28. Kd4 f6 29. c4 Rxb4 30. Rxb4 Rd7 31. Kc3 fxe5 32. fxe5 Rf7 33. h3 Rf5 34. cxd5+ exd5 35. Kd4 Rf4+ 36. Kc3 Rxb4 37. Kxb4 b6 38. axb6 axb6 39. Kc3 Kc5 40. b4+ Kc6 41. Kd4 b5 42. e6 Kd6 43. e7 Kxe7 44. Kxd5 1-0